Animals by Picture - Statistics

General Stats
  • This quiz has been taken 28 times
  • The average score is 12 of 12
Answer Stats
Picture Answer % Correct
Cat
100%
Deer
100%
Dog
100%
Elephant
100%
Elk/moose
100%
Lion
100%
Sea Turtle/Turtle
100%
Shark/Bull Shark
100%
Snake/Python
100%
Tiger
100%
Bird/Dove
96%
Shrimp
81%
No matching quizzes found
Score Distribution
Percent of People with Each Score
Percentile by Number Answered
Your Score History
You have not taken this quiz